Paradise lost : (Record no. 77408)
[ view plain ]
| 000 -LEADER | |
|---|---|
| fixed length control field | 00934nam a22002892a 4500 |
| 001 - CONTROL NUMBER | |
| control field | 77408 |
| 003 - CONTROL NUMBER IDENTIFIER | |
| rucl marc code | BD-RjUL |
| 005 - DATE AND TIME OF LATEST TRANSACTION | |
| control field | 20211209082952.0 |
| 008 - FIXED-LENGTH DATA ELEMENTS--GENERAL INFORMATION | |
| fixed length control field | 200826r19111984enk 001 0 eng d |
| 035 ## - SYSTEM CONTROL NUMBER | |
| System control number | (BD-RjUL)77633 |
| 040 ## - CATALOGING SOURCE | |
| Original cataloging agency | ITD |
| Transcribing agency | ITD |
| Modifying agency | EQO |
| -- | BD-RjUL |
| Language of cataloging | eng |
| 041 ## - LANGUAGE CODE | |
| Language code of text/sound track or separate title | eng |
| 082 ## - DEWEY DECIMAL CLASSIFICATION NUMBER | |
| Edition number | 23 |
| Classification number | 821.4 |
| Author mark and year | MIP 1911 |
| 100 1# - MAIN ENTRY--PERSONAL NAME | |
| Personal name | Milton, John, |
| Dates associated with a name | 1608-1674. |
| 9 (RLIN) | 240582 |
| 245 10 - TITLE STATEMENT | |
| Title | Paradise lost : |
| Number of part/section of a work | Books I and II / |
| Statement of responsibility, etc. | John Milton ; edited by A. W. Verity |
| 250 ## - EDITION STATEMENT | |
| Edition statement | 2nd ed. |
| 260 ## - PUBLICATION, DISTRIBUTION, ETC. (IMPRINT) | |
| Place of publication, distribution, etc. | Boston : |
| Name of publisher, distributor, etc. | U.S.A., D.C. Heath & Co., |
| Date of publication, distribution, etc. | 1894 [reprinted 1911] |
| 300 ## - PHYSICAL DESCRIPTION | |
| Pagination | lxxii, 174 p. ; |
| Size | 17 cm. |
| 490 1# - SERIES STATEMENT | |
| Series statement | Pitt press series |
| 500 ## - GENERAL NOTE | |
| General note | "First edition, 1893, |
| 600 ## - SUBJECT ADDED ENTRY--PERSONAL NAME | |
| Personal name | Milton, John, |
| Titles and other words associated with a name | Paradise lost, |
| Dates associated with a name | 1608-1674 |
| 650 ## - SUBJECT ADDED ENTRY--TOPICAL TERM | |
| Topical term or geographic name as entry element | Fall of man |
| 9 (RLIN) | 58160 |
| Topical term or geographic name as entry element | English poetry |
| 9 (RLIN) | 240583 |
| 700 1# - ADDED ENTRY--PERSONAL NAME | |
| Personal name | Verity, A. W. |
| Fuller form of name | (Arthur Wilson), |
| Dates associated with a name | 1863-1937. |
| 830 #0 - SERIES ADDED ENTRY--UNIFORM TITLE | |
| Uniform title | Pitt press series. |
| 942 ## - ADDED ENTRY ELEMENTS (KOHA) | |
| Source of classification or shelving scheme | Dewey Decimal Classification |
| Koha item type | Books |
| Lost status | Source of classification or shelving scheme | Damaged status | Not for loan | Collection code | Permanent Location | Current Location | Shelving location | Date acquired | Total Checkouts | Full call number | Date last seen | Copy number | Koha item type |
|---|---|---|---|---|---|---|---|---|---|---|---|---|---|
| Dewey Decimal Classification | Not For Loan | Non-fiction | Central Library, University of Rajshahi | Central Library, University of Rajshahi | Reading Room | 10/09/2020 | 821.4 MIP 1911 | 10/09/2020 | C-1 | Books |